|
|
|
|
| LEADER |
00000naa2a2200000 4500 |
| 001 |
236937 |
| 005 |
20231031204748.0 |
| 035 |
|
|
|a (RuTPU)RU\TPU\book\258106
|
| 035 |
|
|
|a RU\TPU\book\258102
|
| 090 |
|
|
|a 236937
|
| 100 |
|
|
|a 20130507d2010 k y0rusy50 ca
|
| 101 |
0 |
|
|a rus
|
| 102 |
|
|
|a RU
|
| 200 |
1 |
|
|a Воссоздание авторской концепции национального характера в немецких переводах романа Ф. М. Достоевского "Братья Карамазовы
|f О. В. Кореневская
|
| 225 |
1 |
|
|a Филологическая компаративистика: на пересечении традиций и инноваций. Язык художественной литературы
|
| 320 |
|
|
|a Библиогр.: с. 186 (8 назв.)
|
| 461 |
|
0 |
|0 (RuTPU)RU\TPU\book\251554
|t Прикладная филология: идеи, концепции, проекты
|o сборник статей VIII Международной научно-практической конференции, 27-29 октября 2010 г.
|o в 2 ч.
|f Национальный исследовательский Томский политехнический университет (ТПУ), Институт международного образования и языковой коммуникации (ИМОЯК) ; под ред. С. А. Песоцкой
|d 2010
|
| 463 |
|
0 |
|0 (RuTPU)RU\TPU\book\250261
|t Ч. 2
|v С. 166-186
|d 2010
|p 265 с.
|
| 600 |
|
1 |
|a Достоевский
|g Федор Михайлович
|f 1821-1881
|c русский писатель
|b Ф. М.
|2 stltpush
|3 (RuTPU)RU\TPU\pers\1038
|
| 610 |
1 |
|
|a труды учёных ТПУ
|
| 610 |
1 |
|
|a русская литература
|
| 610 |
1 |
|
|a авторские концепции
|
| 610 |
1 |
|
|a национальный характер
|
| 610 |
1 |
|
|a немецкий язык
|
| 610 |
1 |
|
|a переводы
|
| 610 |
1 |
|
|a русский характер
|
| 700 |
|
1 |
|a Кореневская
|b О. В.
|c лингвист-переводчик
|c преподаватель Томского политехнического университета
|f 1984-
|g Ольга Владимировна
|2 stltpush
|3 (RuTPU)RU\TPU\pers\29687
|
| 801 |
|
1 |
|a RU
|b 63413507
|c 20130428
|
| 801 |
|
2 |
|a RU
|b 63413507
|c 20130614
|g RCR
|
| 942 |
|
|
|c BK
|